Fluid mechanics / (Record no. 795)
[ view plain ]
| 000 -LEADER | |
|---|---|
| fixed length control field | 01000nam a22003015a 4500 |
| 005 - DATE AND TIME OF LATEST TRANSACTION | |
| control field | 20150818112239.0 |
| 006 - FIXED-LENGTH DATA ELEMENTS--ADDITIONAL MATERIAL CHARACTERISTICS--GENERAL INFORMATION | |
| fixed length control field | a||||f ||z| 00| 0 |
| 008 - FIXED-LENGTH DATA ELEMENTS--GENERAL INFORMATION | |
| fixed length control field | 100908s2001 enka|||fri 001 0 eng d |
| 010 ## - LIBRARY OF CONGRESS CONTROL NUMBER | |
| LC control number | 00033964 |
| 020 ## - INTERNATIONAL STANDARD BOOK NUMBER | |
| International Standard Book Number | 0582414768 |
| 020 ## - INTERNATIONAL STANDARD BOOK NUMBER | |
| International Standard Book Number | 9780582414761 |
| 040 ## - CATALOGING SOURCE | |
| Original cataloging agency | EG-ScBUE |
| Language of cataloging | eng |
| Transcribing agency | EG-ScBUE |
| 082 04 - DEWEY DECIMAL CLASSIFICATION NUMBER | |
| Classification number | 620.106 |
| Item number | DOU |
| Edition number | 22 |
| 100 1# - MAIN ENTRY--PERSONAL NAME | |
| Personal name | Douglas, John F. |
| 9 (RLIN) | 18745 |
| 245 10 - TITLE STATEMENT | |
| Title | Fluid mechanics / |
| Statement of responsibility, etc | John F. Douglas, Janusz M. Gasiorek, John A. Swaffield. |
| 250 ## - EDITION STATEMENT | |
| Edition statement | 4th ed. |
| 260 ## - PUBLICATION, DISTRIBUTION, ETC. (IMPRINT) | |
| Place of publication, distribution, etc | Harlow : |
| Name of publisher, distributor, etc | Prentice Hall, |
| Date of publication, distribution, etc | c.2001. |
| 300 ## - PHYSICAL DESCRIPTION | |
| Extent | xxix, 911 p. : |
| Other physical details | ill. ; |
| Dimensions | 25 cm.+ |
| Accompanying material | 1 computer laser optical disc (4 3/4 in) |
| 500 ## - GENERAL NOTE | |
| General note | Index : p. 901-911. |
| 504 ## - BIBLIOGRAPHY, ETC. NOTE | |
| Bibliography, etc | Includes bibliographical references. |
| 590 ## - LOCAL NOTE (RLIN) | |
| Local note | yassmeen ashraf |
| 650 #0 - SUBJECT ADDED ENTRY--TOPICAL TERM | |
| Topical term or geographic name as entry element | Fluid mechanics. |
| 9 (RLIN) | 18746 |
| Source of heading or term | BUEsh |
| 651 ## - SUBJECT ADDED ENTRY--GEOGRAPHIC NAME | |
| Source of heading or term | BUEsh |
| 653 ## - INDEX TERM--UNCONTROLLED | |
| Resource For college | Engineering, Mechanical |
| Arrived date list | August2015 |
| 700 1# - ADDED ENTRY--PERSONAL NAME | |
| Personal name | Gasiorek, J. M. |
| Fuller form of name | (Janusz Maria), |
| Dates associated with a name | 1927- |
| 9 (RLIN) | 18747 |
| 700 1# - ADDED ENTRY--PERSONAL NAME | |
| Personal name | Swaffield, J. A., |
| Dates associated with a name | 1943- |
| 9 (RLIN) | 18748 |
| 942 ## - ADDED ENTRY ELEMENTS (KOHA) | |
| Item type | Book - Borrowing |
| Call number prefix | 620.106 DOU |
| Source of classification or shelving scheme | Dewey Decimal Classification |
| Withdrawn status | Item status | Source of classification or shelving scheme | Damaged status | Not for loan | Vendor | Home library | Current library | Shelving location | Date acquired | Source of acquisition | Cost, normal purchase price | Total Checkouts | Total Renewals | Full call number | Barcode | Date last seen | Date last borrowed | Cost, replacement price | Koha item type |
|---|---|---|---|---|---|---|---|---|---|---|---|---|---|---|---|---|---|---|---|
| Dewey Decimal Classification | Central Library | Central Library | First floor | 08/09/2010 | 295.00 | 12 | 60 | 620.106 DOU | 000003778 | 15/07/2025 | 25/02/2019 | 368.75 | Book - Borrowing | ||||||
| Dewey Decimal Classification | Central Library | Central Library | First floor | 07/11/2006 | Purchase | 295.00 | 620.106 DOU | 000007512 | 24/08/2022 | 368.75 | CD | DVD - With book |